000 01891nas1a22004331i 4500
001 RU\NLR\INFOCOMM15\5000306239
005 20240726081729.0
035 _a(NLR Aleph) 002633541
090 _a3722605
_c3722605
100 _a20050222b18921915|||y0rusy50 ca
101 0 _arus
102 _aRU
110 _azyuzz 0|y|
200 1 _aТруды Пермской ученой архивной комиссии
207 1 _aВып.1-12
210 _aПермь
_d1892-1915
320 _aСодержание предыдущих [1-11] выпусков.- (В изд. ... 1915 №12, с.283-289)
440 0 _12001#$aТруды Пермской губернской ученой архивной комиссии
_tТруды Пермской губернской ученой архивной комиссии
710 0 2 _aПермская ученая архивная комиссия
_4070
801 1 _aRU
_bInfoComm
_c20050222
801 0 _aRU
_bNLR
_gPSBO
852 _aNLR
_j18.297.4.30
852 _aNLR
_j132/5473
942 _cSE
980 _aRUSPER